| Поле | Инд. | ПП | Название | Значение |
|---|---|---|---|---|
| Тип записи | a | |||
| Библиографический уровень | b | |||
| 001 | Контрольный номер | bfc6eeecb55a49d68b15eba508f0abf7 | ||
| 005 | Дата корректировки | 20210819095852.0 | ||
| 024 | 80 | a | Стандартный номер | DOI: 10.1140/epjc/s10052-010-1481-5 |
| 040 | a | Служба первич. каталог. | РИНЦ | |
| 041 | 0_ | a | Код языка текста | eng |
| 084 | a | Индекс другой классификации/Индекс ББК | 22.381 | |
| 097 | a | Ануфриева Г.Ю. | ||
| 097 | a | Спаскова Н.О. | ||
| 100 | 1_ | a | Автор | Arnold R. |
| 100 | 1_ | a | Автор | Kovalenko V. |
| 100 | 1_ | a | Автор | Augier C. |
| 100 | 1_ | a | Автор | Bongrand M. |
| 100 | 1_ | a | Автор | Nemchenok I. B. |
| g | Прочие сведения | РИНЦ AuthorID: 44551 (https://elibrary.ru/author_items.asp?authorid=44551); Scopus Author ID: 8401877000 (https://www.scopus.com/authid/detail.uri?authorId=8401877000); ResearcherID: F-9715-2014 (http://www.researcherid.com/rid/F-9715-2014) | ||
| q | Полное имя | Немченок Игорь Борисович | ||
| i | 000090997 | |||
| k | Ректорат | |||
| c | Титул (звания) | доцент (ученое звание); кандидат химических наук; доцент (должность); ученый секретарь; заведующий кафедрой | ||
| 245 | 10 | a | Заглавие | Probing new physics models of neutrinoless double beta decay with SuperNEMO |
| 650 | 04 | a | Основная рубрика | физика; ядерная физика; экспериментальная физика |
| 773 | 18 | t | Название источника | European Physical Journal C |
| b | Сведения об издании | Springer-Verlag GmbH | ||
| c | Гейдельберг | |||
| d | Место и дата издания | 2010 | ||
| m | Специф. данные | входит в Scopus | ||
| m | Специф. данные | входит в WoS | ||
| m | Специф. данные | входит в ядро РИНЦ | ||
| n | Примечание | https://elibrary.ru/title_about.asp?id=1972 | ||
| p | EPJ C | |||
| g | Прочая информация | V. 70. - № 4. - P. 927 - 943 | ||
| w | Контрольный № источника | 1aff9ecd4c7548768ed82b07f12c2716 | ||
| 856 | 40 | u | URL | https://elibrary.ru/item.asp?id=16820191 |
| 901 | t | Тип документа | b | |
| 952 | c | Вид литературы | статья в журнале |